| 000 | 00447pab a2200157 454500 | ||
|---|---|---|---|
| 008 | 180718b2003 xxu||||| |||| 00| 0 eng d | ||
| 100 | _aSijuwade, Philip O. | ||
| 245 | _aOn the political economy of urbanisation in Sub-Saharan Africa: the case of Nigeria | ||
| 260 | _c2003 | ||
| 300 | _ap.23-32. | ||
| 362 | _aOct | ||
| 650 | _aUrbanization - Nigeria | ||
| 650 | _aUrbanization | ||
| 773 | _aGuru Nanak Journal of Sociology | ||
| 909 | _a62256 | ||
| 999 |
_c62256 _d62256 |
||